[Event "23. Copenhagen Open  (Politiken Cup)"]
[Site "Copenhagen"]
[Date "2001.07.22"]
[Round "7"]
[White "Pedersen, Kaj Vinding"]
[Black "Rosenberg, Jan"]
[Result "0-1"]
[WhiteElo "1549"]
[BlackElo "1785"]
[PlyCount "80"]
[EventDate "2001.07.16"]
[EventType "swiss"]
[EventRounds "11"]
[EventCountry "DEN"]
[SourceDate "2004.01.01"]

1. d4 Nf6 2. Nf3 c5 3. c3 e6 4. Bg5 b6 5. g3 Be7 6. Bg2 Bb7 7. O-O O-O 8. Re1
d5 9. Ne5 h6 10. Bxf6 Bxf6 11. f4 Nc6 12. c4 Nxd4 13. cxd5 exd5 14. Nc3 Bxe5
15. fxe5 Qe7 16. Nxd5 Bxd5 17. Bxd5 Rad8 18. e3 Rxd5 19. exd4 Rxd4 20. Qc2 Rfd8
21. Re2 Qe6 22. a3 Rc4 23. Qb1 Rcd4 24. Qf1 c4 25. Rae1 b5 26. Qf2 a5 27. Rf1
b4 28. axb4 axb4 29. Rc1 g5 30. Qf6 Qxf6 31. exf6 R8d6 32. Rf1 Kh7 33. Ref2 Kg6
34. h4 gxh4 35. gxh4 Rg4+ 36. Rg2 Rxg2+ 37. Kxg2 Rxf6 38. Rc1 Rc6 39. Kg3 c3
40. bxc3 Rxc3+ 0-1

[Event "23. Copenhagen Open  (Politiken Cup)"]
[Site "Copenhagen"]
[Date "2001.07.22"]
[Round "7"]
[White "Petersen, Nils"]
[Black "Brinck Claussen, Bjorn"]
[Result "0-1"]
[WhiteElo "2050"]
[BlackElo "2355"]
[PlyCount "40"]
[EventDate "2001.07.16"]
[EventType "swiss"]
[EventRounds "11"]
[EventCountry "DEN"]
[SourceDate "2004.01.01"]

1. c4 Nf6 2. Nc3 e5 3. Nf3 Nc6 4. e3 Bb4 5. Qc2 O-O 6. Nd5 Re8 7. Qf5 d6 8.
Nxf6+ gxf6 9. Qh5 d5 10. cxd5 Qxd5 11. a3 Be7 12. Be2 Be6 13. O-O Kh8 14. d4
Rg8 15. dxe5 Bg4 16. e4 Qxe4 17. Qxf7 Bxf3 18. Bxf3 Qxf3 19. g3 Raf8 20. Qe6
Nd4 0-1

[Event "23. Copenhagen Open  (Politiken Cup)"]
[Site "Copenhagen"]
[Date "2001.07.22"]
[Round "7"]
[White "Preuss, Flemming"]
[Black "Greiff, Hakan"]
[Result "0-1"]
[WhiteElo "2062"]
[BlackElo "2299"]
[PlyCount "86"]
[EventDate "2001.07.16"]
[EventType "swiss"]
[EventRounds "11"]
[EventCountry "DEN"]
[SourceDate "2004.01.01"]

1. e4 e5 2. Nf3 Nc6 3. d4 exd4 4. c3 Nf6 5. e5 Ne4 6. cxd4 d5 7. Nc3 Bb4 8. Bd2
Bg4 9. Bb5 Nxd2 10. Qxd2 O-O 11. O-O f6 12. Bxc6 bxc6 13. exf6 Bxf3 14. fxg7
Rf5 15. gxf3 Qh4 16. Rfe1 Bd6 17. Qe3 Rf6 18. Ne4 dxe4 19. fxe4 Bxh2+ 20. Kg2
Rg6+ 21. Kf1 Rb8 22. b3 Qg4 23. Rad1 Re8 24. e5 Rg5 25. Qe4 Qh3+ 26. Ke2 Rgxe5
27. dxe5 Rxe5 28. Rd8+ Kxg7 29. Rg1+ Kf7 30. Qxe5 Bxe5 31. Rd3 Qh5+ 32. Rf3+
Ke6 33. Rd1 c5 34. Rdd3 Bd4 35. Kf1 Qh1+ 36. Ke2 Qb1 37. a4 a5 38. Kd2 Kd5 39.
Rf7 Qb2+ 40. Kd1 Ke4 41. Rff3 Bxf2 42. Rh3 Qb1+ 43. Kd2 Be1+ 0-1

[Event "23. Copenhagen Open  (Politiken Cup)"]
[Site "Copenhagen"]
[Date "2001.07.22"]
[Round "7"]
[White "Rasmussen, Henning"]
[Black "Nielsen, Morten"]
[Result "1/2-1/2"]
[WhiteElo "1925"]
[BlackElo "2085"]
[PlyCount "42"]
[EventDate "2001.07.16"]
[EventType "swiss"]
[EventRounds "11"]
[EventCountry "DEN"]
[SourceDate "2004.01.01"]

1. d4 Nf6 2. Nf3 c5 3. c3 cxd4 4. cxd4 d5 5. Qb3 b6 6. Bf4 Bf5 7. h3 e6 8. e3
a6 9. Nc3 b5 10. Ne5 Be7 11. Be2 O-O 12. O-O Qb6 13. a4 b4 14. a5 Qd8 15. Na4
Qxa5 16. Rfc1 Qd8 17. Nc5 a5 18. Ra4 Qb6 19. Ncd3 Ne8 20. Nc5 Nf6 21. g4 Bg6
1/2-1/2

[Event "23. Copenhagen Open  (Politiken Cup)"]
[Site "Copenhagen"]
[Date "2001.07.22"]
[Round "7"]
[White "Robertsen, Thomas"]
[Black "Skovgaard, Peter Nicolai"]
[Result "1-0"]
[WhiteElo "2034"]
[BlackElo "1688"]
[PlyCount "69"]
[EventDate "2001.07.16"]
[EventType "swiss"]
[EventRounds "11"]
[EventCountry "DEN"]
[SourceDate "2004.01.01"]

1. e4 c5 2. Nf3 d6 3. d4 cxd4 4. Nxd4 Nf6 5. Nc3 g6 6. Be3 Bg7 7. f3 O-O 8. Qd2
Nc6 9. Bc4 Bd7 10. h4 Ne5 11. Bb3 Qa5 12. O-O-O Rfc8 13. Kb1 Nc4 14. Bxc4 Rxc4
15. Nb3 Qa6 16. h5 Rac8 17. hxg6 fxg6 18. Bd4 b5 19. Bxf6 Bxf6 20. Nd5 Rxc2 21.
Nxf6+ exf6 22. Qd5+ Kg7 {#} 23. Rxh7+ Kxh7 24. Qf7+ Kh6 25. Rh1+ Kg5 26. Qxd7
Kf4 27. Qg4+ Ke3 28. f4 Rxb2+ 29. Kxb2 Rc2+ 30. Kxc2 Qxa2+ 31. Kc3 b4+ 32. Kxb4
a5+ 33. Kc3 Kxe4 34. Qf3+ Kf5 35. Nd4# 1-0

[Event "23. Copenhagen Open  (Politiken Cup)"]
[Site "Copenhagen"]
[Date "2001.07.22"]
[Round "7"]
[White "Romsdal, Trond"]
[Black "Nilssen, John Arni"]
[Result "0-1"]
[WhiteElo "2225"]
[BlackElo "2333"]
[PlyCount "80"]
[EventDate "2001.07.16"]
[EventType "swiss"]
[EventRounds "11"]
[EventCountry "DEN"]
[SourceDate "2004.01.01"]

1. d4 Nf6 2. c4 e6 3. Nc3 Bb4 4. e3 c5 5. Bd3 Nc6 6. Nge2 d5 7. a3 cxd4 8. exd4
Be7 9. O-O O-O 10. Be3 a6 11. Rc1 dxc4 12. Bxc4 Bd6 13. h3 b5 14. Ba2 b4 15.
Na4 Ne7 16. Nc5 Ned5 17. Qd3 h6 18. Bb1 Re8 19. Rfd1 Qe7 20. Ng3 a5 21. Nge4
Nxe4 22. Qxe4 f5 23. Qd3 Rb8 24. Ba2 Bd7 25. Bc4 Bc6 26. axb4 Nxb4 27. Qxf5 Bd5
28. Qg6 Kh8 29. Re1 Rf8 30. Ne4 Bxc4 31. Rxc4 Nd3 32. Ng5 hxg5 33. Qxd3 Rxb2
34. Rec1 Qf6 35. Rc8 Rb8 36. Rxf8+ Rxf8 37. Qb5 Bf4 38. Rc3 Rb8 39. Qc4 Qf5 40.
Rb3 Qb1+ 0-1

[Event "23. Copenhagen Open  (Politiken Cup)"]
[Site "Copenhagen"]
[Date "2001.07.22"]
[Round "7"]
[White "Roder, Peter"]
[Black "Laustsen, Lars"]
[Result "0-1"]
[WhiteElo "2174"]
[BlackElo "1955"]
[PlyCount "78"]
[EventDate "2001.07.16"]
[EventType "swiss"]
[EventRounds "11"]
[EventCountry "DEN"]
[SourceDate "2004.01.01"]

1. d4 d5 2. c4 e6 3. Nc3 Nf6 4. Bg5 Be7 5. Nf3 O-O 6. e3 h6 7. Bh4 b6 8. Rc1
Bb7 9. Bd3 Nbd7 10. O-O Ne4 11. Bxe7 Qxe7 12. Ne1 Nxc3 13. Rxc3 dxc4 14. Bxc4
c5 15. Qg4 Nf6 16. Qh4 Rac8 17. Nd3 cxd4 18. exd4 Qd6 19. Ne5 Ne4 20. Rd3 f6
21. Qg4 fxe5 22. Bxe6+ Kh8 23. Bxc8 Rxc8 24. Rfd1 Nf6 25. dxe5 Qxe5 26. Qg6
Qxb2 27. h3 Rc1 28. Kh2 Rxd1 29. Rxd1 Qe5+ 30. Qg3 Qxg3+ 31. Kxg3 Bd5 32. f3 b5
33. Kf4 Bxa2 34. Rd8+ Kh7 35. Ra8 b4 36. Rxa7 b3 37. Rb7 Nd5+ 38. Ke4 Nc3+ 39.
Kd3 Na4 0-1

[Event "23. Copenhagen Open  (Politiken Cup)"]
[Site "Copenhagen"]
[Date "2001.07.22"]
[Round "7"]
[White "Schmidt, Horst Hubert"]
[Black "Gorecki, Zbigniew"]
[Result "0-1"]
[WhiteElo "1674"]
[BlackElo "2000"]
[PlyCount "108"]
[EventDate "2001.07.16"]
[EventType "swiss"]
[EventRounds "11"]
[EventCountry "DEN"]
[SourceDate "2004.01.01"]

1. d4 Nf6 2. c4 c5 3. d5 e6 4. Nc3 exd5 5. cxd5 d6 6. e4 g6 7. Bf4 a6 8. h3 Bg7
9. Nf3 O-O 10. Be2 b5 11. Qc2 Bb7 12. Nd2 Qe7 13. O-O Nbd7 14. Rfe1 Ne5 15. Bh2
Rae8 16. f4 Ned7 17. Bf3 Nxd5 18. exd5 Bd4+ 19. Kf1 Qh4 20. Nde4 a5 21. Bg3 Qd8
22. Nxd6 Rxe1+ 23. Rxe1 b4 24. Nxb7 Qb6 25. Ne4 Qxb7 26. Nd6 Qa6+ 27. Nc4 f5
28. Bf2 Bxb2 29. Be2 Bc3 30. Ne5 Qd6 31. Nxd7 Qxd7 32. Rd1 Qd6 33. g3 Re8 34.
g4 fxg4 35. Bxg4 Qxf4 36. Be6+ Kg7 37. Qd3 Rf8 38. Qe2 Bd4 39. Rxd4 cxd4 40.
Kg2 d3 41. Qe3 d2 42. Qd4+ Rf6 43. Qa7+ Kh6 44. Bg4 Qxg4+ 45. hxg4 d1=Q 46. g5+
Kxg5 47. Qe3+ Kf5 48. Qc5 Kg4 49. Qc4+ Rf4 50. Qc8+ Kg5 51. Qc5 Qf3+ 52. Kg1
Qxf2+ 53. Qxf2 Rxf2 54. Kxf2 Kf5 0-1

[Event "23. Copenhagen Open  (Politiken Cup)"]
[Site "Copenhagen"]
[Date "2001.07.22"]
[Round "7"]
[White "Schmied, Andreas"]
[Black "Nielsen, Michael"]
[Result "1/2-1/2"]
[WhiteElo "2138"]
[BlackElo "1789"]
[PlyCount "83"]
[EventDate "2001.07.16"]
[EventType "swiss"]
[EventRounds "11"]
[EventCountry "DEN"]
[SourceDate "2004.01.01"]

1. d4 Nf6 2. Nf3 g6 3. c4 c5 4. Nc3 Bg7 5. e4 cxd4 6. Nxd4 d6 7. Be2 Nc6 8. Be3
O-O 9. O-O Bd7 10. f3 Nxd4 11. Bxd4 Be6 12. Qd2 Nd7 13. Rac1 a6 14. Rc2 Rc8 15.
b3 Bxd4+ 16. Qxd4 Qb6 17. Qxb6 Nxb6 18. Rfc1 Rc7 19. Bd3 Rfc8 20. Kf2 Nd7 21.
Ke3 Ne5 22. Ne2 Nc6 23. Nf4 Nb4 24. Rd2 b5 25. Nxe6 fxe6 26. a3 Nxd3 27. Kxd3
bxc4+ 28. Rxc4 Rxc4 29. bxc4 Rb8 30. Kc3 Kf7 31. Rb2 Rxb2 32. Kxb2 Kf6 33. Kc3
Ke5 34. Kd3 g5 35. g3 h5 36. h4 gxh4 37. f4+ Kf6 38. gxh4 e5 39. f5 e6 40. fxe6
Kxe6 41. Kc3 Kd7 42. Kb4 1/2-1/2

[Event "23. Copenhagen Open  (Politiken Cup)"]
[Site "Copenhagen"]
[Date "2001.07.22"]
[Round "7"]
[White "Schonberg, Niels Peder"]
[Black "Edvardsson, Hannu Kalervo"]
[Result "1/2-1/2"]
[WhiteElo "1214"]
[BlackElo "1300"]
[PlyCount "87"]
[EventDate "2001.07.16"]
[EventType "swiss"]
[EventRounds "11"]
[EventCountry "DEN"]
[SourceDate "2004.01.01"]

1. d4 d5 2. Bf4 e6 3. e3 Nf6 4. Bd3 Be7 5. Nf3 c6 6. O-O O-O 7. h3 Nbd7 8. c3
b5 9. b4 Bb7 10. Re1 a5 11. Qb3 a4 12. Qb2 Ne4 13. a3 f5 14. Nbd2 Nb6 15. Bxe4
fxe4 16. Ne5 Nd7 17. Nf1 Nxe5 18. Bxe5 Bd6 19. Bxd6 Qxd6 20. Qe2 e5 21. Qg4
exd4 22. cxd4 Rad8 23. Ng3 Qd7 24. Qxd7 Rxd7 25. Rf1 g6 26. f3 exf3 27. Rxf3
Rxf3 28. gxf3 Re7 29. e4 dxe4 30. fxe4 Rf7 31. Rf1 Rxf1+ 32. Kxf1 Kf7 33. Kf2
Bc8 34. h4 h5 35. e5 Be6 36. Ke3 Bd5 37. Ne2 g5 38. hxg5 Kg6 39. Kf4 h4 40. Ng1
Be6 41. Nf3 h3 42. Kg3 Bd7 43. Kf4 Be6 44. Kg3 1/2-1/2

[Event "23. Copenhagen Open  (Politiken Cup)"]
[Site "Copenhagen"]
[Date "2001.07.22"]
[Round "7"]
[White "Simonsen, Hans Kristian"]
[Black "Royset, Paal"]
[Result "0-1"]
[WhiteElo "1930"]
[BlackElo "2257"]
[PlyCount "72"]
[EventDate "2001.07.16"]
[EventType "swiss"]
[EventRounds "11"]
[EventCountry "DEN"]
[SourceDate "2004.01.01"]

1. e4 c5 2. c3 d5 3. exd5 Nf6 4. Bb5+ Nbd7 5. d4 Nxd5 6. dxc5 e6 7. Nf3 Bxc5 8.
O-O O-O 9. a3 a6 10. Bd3 b5 11. c4 bxc4 12. Bxc4 Bb7 13. b4 Ba7 14. Qe2 Rc8 15.
Bxa6 Bxf2+ 16. Qxf2 Bxa6 17. Re1 e5 18. Bd2 Re8 19. Ng5 N7f6 20. Qa7 Nc7 21. a4
h6 22. Nh3 Ng4 23. b5 Bxb5 24. Ba5 Bc6 25. Nc3 Qd4+ 26. Qxd4 exd4 27. Na2 Nd5
28. Rxe8+ Rxe8 29. Nc1 Nc3 30. Bxc3 dxc3 31. Nd3 Rd8 32. Nhf2 c2 33. a5 Ne3 34.
g3 Bb5 35. Nb4 Rd4 36. Na2 Ra4 0-1

[Event "23. Copenhagen Open  (Politiken Cup)"]
[Site "Copenhagen"]
[Date "2001.07.22"]
[Round "7"]
[White "Simonsen, Per"]
[Black "Nielsen, Jens Holm"]
[Result "1-0"]
[WhiteElo "1723"]
[BlackElo "2055"]
[PlyCount "101"]
[EventDate "2001.07.16"]
[EventType "swiss"]
[EventRounds "11"]
[EventCountry "DEN"]
[SourceDate "2004.01.01"]

1. d4 d5 2. c4 dxc4 3. Nf3 a6 4. a4 c5 5. e4 cxd4 6. Qxd4 Qxd4 7. Nxd4 e5 8.
Nc2 Be6 9. Nd2 Nd7 10. Bxc4 Bxc4 11. Nxc4 Rc8 12. N2e3 Ngf6 13. f3 b5 14. axb5
axb5 15. Nd2 Bc5 16. Nb3 Bb6 17. Nf5 Kf8 18. Bd2 Nc5 19. Bb4 g6 20. Nd6 Nxb3
21. Nxc8+ Kg7 22. Ra8 Bd4 23. Bc3 Rd8 24. Bxd4 exd4 25. Nb6 Rd6 26. Rb8 Rc6 27.
O-O d3 28. e5 Ng8 29. Nd5 Rc2 30. Nb4 Rd2 31. Rd8 Rxb2 32. Nxd3 Rd2 33. Rd7 Re2
34. f4 Re4 35. Re1 Rxe1+ 36. Nxe1 Nc5 37. Rd5 Ne6 38. g3 Ne7 39. Rxb5 Nf5 40.
Kf2 h5 41. Nf3 Nh6 42. Ke3 Nf5+ 43. Ke4 Nh6 44. Rb6 Ng4 45. Rc6 Nf2+ 46. Kd5
Nd3 47. Rxe6 fxe6+ 48. Kxe6 Nc5+ 49. Ke7 Ne4 50. Ng5 Kg8 51. Nxe4 1-0

[Event "23. Copenhagen Open  (Politiken Cup)"]
[Site "Copenhagen"]
[Date "2001.07.22"]
[Round "7"]
[White "Skjoldan, Benjamin"]
[Black "Spanton, Timothy"]
[Result "1-0"]
[WhiteElo "1720"]
[BlackElo "2051"]
[PlyCount "91"]
[EventDate "2001.07.16"]
[EventType "swiss"]
[EventRounds "11"]
[EventCountry "DEN"]
[SourceDate "2004.01.01"]

1. d4 Nf6 2. c4 e6 3. Nc3 d5 4. Bg5 c5 5. cxd5 cxd4 6. Qxd4 Be7 7. O-O-O exd5
8. Bxf6 Bxf6 9. Qxd5 O-O 10. Qxd8 Rxd8 11. Rxd8+ Bxd8 12. e3 Bf5 13. Bc4 Nc6
14. Nge2 Rc8 15. e4 Bg6 16. f4 Nb4 17. Bd5 Nxd5 18. exd5 Be4 19. Kd2 Bxg2 20.
Re1 Ba5 21. b4 Bxb4 22. Rb1 Bxc3+ 23. Nxc3 Rc7 24. Re1 Kf8 25. Kd3 Re7 26. Rg1
Bh3 27. Kd4 f6 28. Nb5 b6 29. Nc3 Ke8 30. Rg3 Bf5 31. Re3 Rxe3 32. Kxe3 Kd7 33.
Kd4 h6 34. h4 Bg6 35. Kc4 a6 36. Kd4 Bc2 37. Ne2 Kd6 38. Ng3 g6 39. a3 b5 40.
Ne2 g5 41. fxg5 hxg5 42. h5 f5 43. Nc3 g4 44. h6 g3 45. h7 g2 46. Ne2 1-0

[Event "23. Copenhagen Open  (Politiken Cup)"]
[Site "Copenhagen"]
[Date "2001.07.22"]
[Round "7"]
[White "Sylvan, Jacob"]
[Black "Paaske, Asger"]
[Result "1/2-1/2"]
[WhiteElo "2272"]
[BlackElo "2062"]
[PlyCount "20"]
[EventDate "2001.07.16"]
[EventType "swiss"]
[EventRounds "11"]
[EventCountry "DEN"]
[SourceDate "2004.01.01"]

1. e4 c5 2. Nf3 Nf6 3. Nc3 Nc6 4. d4 d5 5. exd5 Nxd5 6. Nxd5 Qxd5 7. Be3 cxd4
8. Nxd4 a6 9. Nxc6 Qxc6 10. Qd4 Bf5 1/2-1/2

[Event "23. Copenhagen Open  (Politiken Cup)"]
[Site "Copenhagen"]
[Date "2001.07.22"]
[Round "7"]
[White "Tandrup, Michael"]
[Black "Jorgensen, Orla Eilegaard"]
[Result "1/2-1/2"]
[WhiteElo "1795"]
[BlackElo "1403"]
[PlyCount "94"]
[EventDate "2001.07.16"]
[EventType "swiss"]
[EventRounds "11"]
[EventCountry "DEN"]
[SourceDate "2004.01.01"]

1. Nf3 Nf6 2. g3 g6 3. Bg2 Bg7 4. c4 O-O 5. Nc3 d5 6. cxd5 Nxd5 7. O-O c6 8.
Nxd5 cxd5 9. d3 Nc6 10. Rb1 b6 11. Bd2 Bb7 12. Qa4 a5 13. Rfc1 Rc8 14. Qh4 Ne5
15. Ng5 h6 16. Nh3 Kh7 17. b3 Rxc1+ 18. Rxc1 Bc8 19. d4 Bxh3 20. Bxh3 Nd7 21.
Rc6 e6 22. Qf4 Qb8 23. Qe3 Rc8 24. Qc3 Rxc6 25. Qxc6 Nf6 26. Bf4 Qa7 27. Bc7
Qa6 28. Bf1 Ne4 29. e3 Qc8 30. Qxb6 Nd2 31. Ba6 Qd7 32. Qd6 Qe8 33. Bxa5 Ne4
34. Qd8 Qc6 35. Qc8 Qd6 36. b4 Qe7 37. Qd8 Qa7 38. b5 {#} Bxd4 39. exd4 Qxd4
40. Bb6 Qa1+ 41. Kg2 Nd2 42. g4 Qf1+ 43. Kg3 Ne4+ 44. Kf3 Qd1+ 45. Kg2 Qxg4+
46. Kf1 Qd1+ 47. Kg2 Qg4+ 1/2-1/2

[Event "23. Copenhagen Open  (Politiken Cup)"]
[Site "Copenhagen"]
[Date "2001.07.22"]
[Round "7"]
[White "Thompson, Ian D"]
[Black "Aabling Thomsen, Jakob"]
[Result "1-0"]
[WhiteElo "2240"]
[BlackElo "1889"]
[PlyCount "80"]
[EventDate "2001.07.16"]
[EventType "swiss"]
[EventRounds "11"]
[EventCountry "DEN"]
[SourceDate "2004.01.01"]

1. c4 c5 2. g3 Nf6 3. Bg2 d5 4. cxd5 Nxd5 5. Nc3 Nc7 6. Nf3 Nc6 7. O-O e5 8.
Ne1 Bd7 9. Nd3 f6 10. f4 exf4 11. Nxf4 Be7 12. b3 O-O 13. Bb2 Ne6 14. Nfd5 Bd6
15. e3 Ng5 16. h4 Nf7 17. Ne4 Be5 18. Bxe5 Nfxe5 19. Nxc5 Bg4 20. Qc2 b6 21.
Na4 Rc8 22. Nac3 Ne7 23. Nxe7+ Qxe7 24. Qe4 f5 25. Qb7 Rc7 26. Qa6 Qd8 27. Rf2
Kh8 28. Nb5 Rd7 29. d4 Nd3 30. Rd2 Nb4 31. Qa3 Qe7 32. Re1 f4 33. gxf4 Rxf4 34.
Qc1 Rf8 35. Qc4 Rdd8 36. d5 Qxh4 37. Rf1 Rxf1+ 38. Qxf1 Qg3 39. Qf2 Qe5 40. Rd4
h5 1-0

[Event "23. Copenhagen Open  (Politiken Cup)"]
[Site "Copenhagen"]
[Date "2001.07.22"]
[Round "7"]
[White "Tolstrup, Thomas"]
[Black "Manley, Christian"]
[Result "1-0"]
[WhiteElo "2108"]
[BlackElo "1360"]
[PlyCount "129"]
[EventDate "2001.07.16"]
[EventType "swiss"]
[EventRounds "11"]
[EventCountry "DEN"]
[SourceDate "2004.01.01"]

1. Nf3 g6 2. c4 Bg7 3. Nc3 c5 4. g3 Nc6 5. Bg2 Nf6 6. d4 cxd4 7. Nxd4 Qb6 8.
Nc2 Ng4 9. O-O Bxc3 10. bxc3 Nge5 11. Ne3 d6 12. Nd5 Qd8 13. Ne3 O-O 14. Ba3
Be6 15. Qa4 Qa5 16. Qxa5 Nxa5 17. c5 dxc5 18. Bxc5 Nec6 19. Nd5 Bxd5 20. Bxd5
Rfd8 21. Rfd1 e6 22. Bg2 b6 23. Bd6 Rac8 24. Bf4 Ne7 25. Bg5 Kf8 26. Rd4 Ke8
27. Rad1 Rxd4 28. cxd4 Rc2 29. Rd2 Rxd2 30. Bxd2 Nc4 31. Bf4 Kd7 32. e4 Nd6 33.
Kf1 Nb5 34. Be3 Kc6 35. Ke1 Nc7 36. Kd2 Kb5 37. Kc3 Kc6 38. Bf1 Nb5+ 39. Kb4
Nc7 40. Bg5 Nc8 41. Bd8 Nd6 42. Bd3 a5+ 43. Kb3 Ncb5 44. Bf6 a4+ 45. Kb4 Na7
46. Kxa4 Ne8 47. Be7 Nc7 48. Kb4 Nc8 49. Bd8 Nd6 50. Bxc7 Kxc7 51. g4 h5 52.
gxh5 gxh5 53. e5 Ne8 54. Bh7 Ng7 55. Kc4 Kc6 56. Bg8 b5+ 57. Kd3 Kd5 58. Bxf7
Nf5 59. Bxh5 Nxd4 60. f4 Nf5 61. Bf3+ Kc5 62. Bg4 Nd4 63. h4 Kd5 64. h5 Nc6 65.
Bf3+ 1-0

[Event "23. Copenhagen Open  (Politiken Cup)"]
[Site "Copenhagen"]
[Date "2001.07.22"]
[Round "7"]
[White "Visweswaran, Kameswaran"]
[Black "Christensen, Stefan"]
[Result "1-0"]
[WhiteElo "2299"]
[BlackElo "2164"]
[PlyCount "77"]
[EventDate "2001.07.16"]
[EventType "swiss"]
[EventRounds "11"]
[EventCountry "DEN"]
[SourceDate "2004.01.01"]

1. e4 e6 2. d4 d5 3. Nc3 Bb4 4. e5 c5 5. a3 Bxc3+ 6. bxc3 Ne7 7. h4 Qa5 8. Bd2
Nbc6 9. h5 h6 10. Bd3 cxd4 11. cxd4 Qa4 12. c3 Qxd1+ 13. Kxd1 Bd7 14. Ne2 Na5
15. a4 Rc8 16. f4 Nc4 17. Bc1 Rc6 18. g4 Ra6 19. Ke1 Rxa4 20. Rxa4 Bxa4 21. f5
Nb6 22. Rf1 Nd7 23. Ba3 exf5 24. gxf5 f6 25. e6 Nb6 26. Nf4 Nbc8 27. Kd2 O-O
28. c4 Rd8 29. cxd5 Nd6 30. Rc1 Nexf5 31. Rc7 Nb5 32. Bxb5 Bxb5 33. Rxb7 a6 34.
d6 Nxd6 35. Bxd6 Rxd6 36. Rb8+ Kh7 37. Ng6 Rxd4+ 38. Kc3 Rd3+ 39. Kc2 1-0

[Event "23. Copenhagen Open  (Politiken Cup)"]
[Site "Copenhagen"]
[Date "2001.07.22"]
[Round "7"]
[White "Windekilde, Flemming"]
[Black "Dalsberg, Sandra de Blecourt"]
[Result "1/2-1/2"]
[WhiteElo "1744"]
[BlackElo "2055"]
[PlyCount "55"]
[EventDate "2001.07.16"]
[EventType "swiss"]
[EventRounds "11"]
[EventCountry "DEN"]
[SourceDate "2004.01.01"]

1. e4 e6 2. d4 d5 3. e5 c5 4. c3 Nc6 5. Nf3 Bd7 6. Bd3 cxd4 7. cxd4 Qb6 8. O-O
Nxd4 9. Nxd4 Qxd4 10. Nc3 Qxe5 11. Re1 Qb8 12. Nxd5 Bd6 13. Qg4 Kf8 14. Bd2 Bc6
15. Bc3 e5 16. Nb4 Nf6 17. Nxc6 Nxg4 18. Nxb8 Rxb8 19. h3 Nf6 20. Bxe5 Bxe5 21.
Rxe5 Re8 22. Rc5 g6 23. Rc7 Re7 24. Rac1 Ne8 25. Rc8 Kg7 26. Ra8 b6 27. Rcc8
Rg8 28. f4 1/2-1/2

[Event "23. Copenhagen Open  (Politiken Cup)"]
[Site "Copenhagen"]
[Date "2001.07.22"]
[Round "7"]
[White "Zachariassen, John"]
[Black "Bering, Anders"]
[Result "0-1"]
[WhiteElo "1864"]
[BlackElo "2106"]
[PlyCount "49"]
[EventDate "2001.07.16"]
[EventType "swiss"]
[EventRounds "11"]
[EventCountry "DEN"]
[SourceDate "2004.01.01"]

1. g3 g6 2. Bg2 Bg7 3. d3 d6 4. e4 c5 5. f4 Nf6 6. Nf3 O-O 7. O-O Nc6 8. h3 Rb8
9. Nc3 b6 10. Ne2 Bb7 11. g4 Nd7 12. c3 e5 13. f5 f6 14. Ng3 g5 15. Nh5 Rf7 16.
Be3 a5 17. Qd2 b5 18. h4 h6 19. Kf2 Ne7 20. hxg5 fxg5 21. Rh1 d5 22. Qc2 c4 23.
Kg3 cxd3 24. Qd2 dxe4 25. Rh2 0-1

[Event "23. Copenhagen Open  (Politiken Cup)"]
[Site "Copenhagen"]
[Date "2001.07.22"]
[Round "7"]
[White "van Dijk, Thomas"]
[Black "Hansen, Gunnar West"]
[Result "1/2-1/2"]
[WhiteElo "1999"]
[BlackElo "2198"]
[PlyCount "82"]
[EventDate "2001.07.16"]
[EventType "swiss"]
[EventRounds "11"]
[EventCountry "DEN"]
[SourceDate "2004.01.01"]

1. d4 c5 2. d5 g6 3. e4 Bg7 4. Nf3 d6 5. c4 Nf6 6. Nc3 O-O 7. Be2 b5 8. cxb5 a6
9. bxa6 Bxa6 10. O-O Nbd7 11. Re1 Ng4 12. Ng5 Nge5 13. Bxa6 Rxa6 14. f4 Nc4 15.
Qd3 Ndb6 16. e5 Qc8 17. b3 Na5 18. Bb2 c4 19. Qe2 Qc5+ 20. Qf2 Qxf2+ 21. Kxf2
h6 22. Nf3 cxb3 23. axb3 Raa8 24. Nd4 dxe5 25. fxe5 Nd7 26. Nf3 Nxb3 27. Rxa8
Rxa8 28. Ne4 Ra5 29. Re3 Nbc5 30. Nxc5 Rxc5 31. e6 Bxb2 32. exd7 Rxd5 33. Rb3
Rxd7 34. Rxb2 Kg7 35. Ke3 Ra7 36. Rd2 Rb7 37. Ke4 Rb5 38. Nd4 Rc5 39. Nb3 Rf5
40. Nd4 Rc5 41. Nb3 Rf5 1/2-1/2

[Event "23. Copenhagen Open  (Politiken Cup)"]
[Site "Copenhagen"]
[Date "2001.07.22"]
[Round "8"]
[White "Adamski, Jan"]
[Black "Hagen, Andreas Skytte"]
[Result "1/2-1/2"]
[WhiteElo "2361"]
[BlackElo "2113"]
[PlyCount "108"]
[EventDate "2001.07.16"]
[EventType "swiss"]
[EventRounds "11"]
[EventCountry "DEN"]
[SourceDate "2004.01.01"]

1. Nf3 Nf6 2. c4 e6 3. g3 d5 4. Bg2 Be7 5. d4 O-O 6. Qc2 dxc4 7. Qxc4 a6 8. Bf4
Nd5 9. Nc3 b5 10. Qd3 Bb7 11. Nxd5 Bxd5 12. O-O Nd7 13. Rfd1 Nf6 14. Ne5 Bxg2
15. Kxg2 c5 16. dxc5 Bxc5 17. Qf3 Nd5 18. e4 Nxf4+ 19. Qxf4 Qe7 20. Rac1 Rac8
21. Rd7 Qf6 22. Qxf6 gxf6 23. Nxf7 Rxf7 24. Rxf7 Kxf7 25. b4 Ke7 26. bxc5 a5
27. a3 Kd7 28. Kf3 Kc6 29. Ke3 Rd8 30. f4 b4 31. axb4 axb4 32. g4 b3 33. g5
fxg5 34. fxg5 e5 35. h4 b2 36. Rb1 Rb8 37. Kd3 Kxc5 38. Kc3 Rb4 39. Rxb2 Rxe4
40. Rg2 Rxh4 41. Kd3 Kd5 42. g6 hxg6 43. Rxg6 Rh3+ 44. Ke2 Kd4 45. Re6 Ra3 46.
Re8 Ra2+ 47. Kf3 Ra3+ 48. Ke2 Ke4 49. Kf2 Ra2+ 50. Kg3 Re2 51. Ra8 Rd2 52. Ra1
Rd5 53. Kf2 Kd4 54. Ra8 e4 1/2-1/2

[Event "23. Copenhagen Open  (Politiken Cup)"]
[Site "Copenhagen"]
[Date "2001.07.22"]
[Round "8"]
[White "Aird, Ian"]
[Black "Nielsen, Frode Benedikt"]
[Result "0-1"]
[WhiteElo "2136"]
[BlackElo "1834"]
[PlyCount "42"]
[EventDate "2001.07.16"]
[EventType "swiss"]
[EventRounds "11"]
[EventCountry "DEN"]
[SourceDate "2004.01.01"]

1. e4 e5 2. Bc4 Nc6 3. Nf3 Be7 4. d4 d6 5. d5 Na5 6. Bd3 c5 7. c4 b6 8. Nc3 Nf6
9. O-O O-O 10. Ne1 Ne8 11. f4 exf4 12. Bxf4 Bg5 13. Qh5 Bxf4 14. Rxf4 Nf6 15.
Qf3 Nd7 16. e5 Nxe5 17. Qh5 g6 18. Qh6 f5 19. b3 a6 20. Rd1 Qe7 21. Rf1 Ng4 0-1

[Event "23. Copenhagen Open  (Politiken Cup)"]
[Site "Copenhagen"]
[Date "2001.07.22"]
[Round "8"]
[White "Andersen, Kasper Lolk"]
[Black "McShane, Rod"]
[Result "0-1"]
[WhiteElo "1192"]
[BlackElo "1400"]
[PlyCount "50"]
[EventDate "2001.07.16"]
[EventType "swiss"]
[EventRounds "11"]
[EventCountry "DEN"]
[SourceDate "2004.01.01"]

1. e4 c5 2. Nf3 d6 3. h3 a6 4. Bc4 e6 5. b3 Be7 6. Bb2 Nf6 7. O-O O-O 8. e5
dxe5 9. Bxe5 b5 10. Bd3 Nc6 11. Bxf6 Bxf6 12. Bxh7+ Kxh7 13. c3 Kg8 14. a4 b4
15. Qe2 a5 16. Qe4 Qd5 17. Qxd5 exd5 18. Ra2 Ba6 19. Rc1 Ne5 20. Nxe5 Bxe5 21.
cxb4 cxb4 22. Rc5 Bd3 23. Rxd5 Bxb1 24. Rxe5 Bxa2 25. Re3 Rfd8 0-1